Tiburones = (Record no. 18636)
[ view plain ]
| 000 -LEADER | |
|---|---|
| fixed length control field | 00668nam a22002417a 4500 |
| 001 - CONTROL NUMBER | |
| control field | sjds170171 |
| 003 - CONTROL NUMBER IDENTIFIER | |
| control field | sjds |
| 005 - DATE AND TIME OF LATEST TRANSACTION | |
| control field | 20170722151421.0 |
| 008 - FIXED-LENGTH DATA ELEMENTS--GENERAL INFORMATION | |
| fixed length control field | 170722b nyu||||| |||| 00| 0 spa d |
| 020 ## - INTERNATIONAL STANDARD BOOK NUMBER | |
| International Standard Book Number | 9780439879897 (pbk.) |
| 020 ## - INTERNATIONAL STANDARD BOOK NUMBER | |
| International Standard Book Number | 9780439879892 (pbk.) |
| 040 ## - CATALOGING SOURCE | |
| Transcribing agency | sjds |
| 041 ## - LANGUAGE CODE | |
| Language code of text/sound track or separate title | spa |
| -- | eng |
| 082 ## - DEWEY DECIMAL CLASSIFICATION NUMBER | |
| Classification number | 597.3 |
| 100 1# - MAIN ENTRY--PERSONAL NAME | |
| Personal name | Berger, Melvin |
| 245 ## - TITLE STATEMENT | |
| Title | Tiburones = |
| Remainder of title | Sharks / |
| Statement of responsibility, etc. | Melvin & Gilda Berger. |
| 246 ## - VARYING FORM OF TITLE | |
| Title proper/short title | Sharks |
| 260 ## - PUBLICATION, DISTRIBUTION, ETC. (IMPRINT) | |
| Place of publication, distribution, etc. | New York : |
| Name of publisher, distributor, etc. | Scholastic, |
| Date of publication, distribution, etc. | 2006. |
| 300 ## - PHYSICAL DESCRIPTION | |
| Extent | 1 volume (unpaged) : |
| Other physical details | color illustrations ; |
| Dimensions | 18 x 21 cm. |
| 500 ## - GENERAL NOTE | |
| General note | Parallel text in Spanish and English. |
| 700 1# - ADDED ENTRY--PERSONAL NAME | |
| Personal name | Berger, Gilda |
| 942 ## - ADDED ENTRY ELEMENTS (KOHA) | |
| Source of classification or shelving scheme | Dewey Decimal Classification |
| Koha item type | Libro/Book |
| Withdrawn status | Lost status | Source of classification or shelving scheme | Damaged status | Not for loan | Home library | Current library | Date acquired | Total Checkouts | Full call number | Barcode | Checked out | Date last seen | Date checked out | Price effective from | Koha item type |
|---|---|---|---|---|---|---|---|---|---|---|---|---|---|---|---|
| Dewey Decimal Classification | Sevadilla -- Satellite | Sevadilla -- Satellite | 22/07/2017 | 1 | 597.3 | 35400856 | 26/02/2018 | 19/02/2018 | 19/02/2018 | 22/07/2017 | Libro/Book |